Statistiques concernant Métro de Paris : Correspondances

Cliquez ici pour prendre le quiz!

Statistiques générales

  • Ce quiz a été pris 1 737 fois
    (1 695 depuis la dernière actualisation)
  • Le résultat moyen est 89 sur 152

Statistiques - réponses

CorrespondancesLigne 1% Correct
1, 4, 11, 14 | 1, 4, 7, 11 | 1, 4, 7, 14 | +2 othersChâtelet
97%
1, 2, 6 | 1, 2, 9 | 2, 6, 9Nation
93%
1, 6 | 2, 6Charles de Gaulle — Étoile
90%
1, 2Charles de Gaulle — Etoile
90%
1 | 14Gare de Lyon
90%
3, 7, 8, 9, 12, 13 | 3, 7, 8, 9, 12, 14 | 3, 7, 8, 9, 13, 14 | 7, 8, 9, 12, 13, 14Saint-Lazare
89%
4, 6, 12 | 4, 6, 13Montparnasse — Bienvenüe
87%
4, 12, 13 | 6, 12 13Montparnasse-Bienvenüe
87%
3, 5, 8, 11 | 3, 5, 8, 9 | 3, 8, 9, 11 | 5, 8, 9, 11République
87%
4 | 5Gare du Nord
85%
1, 5 | 1, 8 | 5, 8Bastille
84%
4, 5 | 4, 7 | 5, 7Gare de l'Est
84%
1, 12 | 1, 8 | 8, 12Concorde
79%
3, 7, 9, 12, 13, 14 | 3, 8, 9, 12, 13, 14 | 7, 8, 9, 12, 13, 14Opéra
77%
1 | 11Hôtel de ville
76%
6 | 14Bercy
75%
2 | 4Barbès-Rochechouart
71%
13Champs Elysées — Clemenceau
71%
5 | 10Gare d'Austerlitz
71%
1Champs-Élysées — Clemenceau
70%
12, 14 | 8, 12 | 8, 14Madeleine
70%
2, 5 | 2, 7 | 5, 7Stalingrad
70%
5, 6 | 6, 7Place d'Italie
69%
1, 7, 11, 14Les Halles
68%
4 | 10Odéon
66%
1 | 9Franklin D. Roosevelt
64%
2, 5 | 2, 7 bis | 5, 7 bisJaurès
64%
1 | 7Palais Royal — Musée du Louvre
64%
2 | 13Place de Clichy
64%
7 | 14Pyramides
64%
8, 9Strasbourg Saint-Denis
63%
4, 8 | 9Strasbourg — Saint-Denis
63%
2 | 12Pigalle
62%
6 | 9Trocadéro
60%
8 | 13Invalides
59%
6, 10 | 8, 10La Motte-Picquet Grenelle
59%
3 | 4Réaumur-Sébastopol
59%
2 | 11Belleville
58%
6Denfert-Rochereau
58%
3 | 3 bisGambetta
57%
2 | 3Père-Lachaise
56%
1 | 8Reuilly-Diderot
56%
3, 7, 8, 12, 13, 14 | 7, 8, 9, 12, 13, 14Havre-Caumartin
55%
11Arts et métiers
54%
3Arts et Métiers
54%
2 | 3Villiers
54%
5 | 9Oberkampf
52%
6 | 12Pasteur
51%
6 | 8Daumesnil
50%
8 | 9Grands Boulevards
50%
11 | 3 bisPorte des Lilas
50%
6Raspail
49%
7 | 10Jussieu
48%
4Marcadet — Poissonniers
48%
12Marcadet-Poissonniers
48%
8 | 9Bonne Nouvelle
46%
7 | 9Chaussée d'Antin — La Fayette
45%
7 | 7 bisLouis Blanc
45%
9 | 13Miromesnil
45%
11 | 7 bisPlace des Fêtes
43%
10 | 13Duroc
41%
6, 8La Motte-Picquet — Grenelle
41%
9 | 10Michel-Ange Auteuil
38%
9 | 10Michel-Ange Molitor
37%
10 | 12Sèvres — Babylone
37%
3, 7, 8, 12, 13, 14 | 7, 8, 9, 12, 13, 14Saint-Augustin
36%
8Richelieu — Drouot
32%
4Cluny — La Sorbonne
20%
CorrespondancesLigne 10
1%
CorrespondancesLigne 11
1%
CorrespondanceLigne 12
1%
CorrespondancesLigne 13
1%
ConrrespondancesLigne 14
1%
CorrespondancesLigne 2
1%
CorrespondancesLigne 3
1%
CorrespondancesLigne 3 bis
1%
CorrespondancesLigne 4
1%
CorrespondancesLigne 5
1%
CorrespondancesLigne 6
1%
CorrespondancesLigne 7
1%
CorrespondancesLigne 7 bis
1%
CorrespondancesLigne 8
1%
CorrespondancesLigne 9
1%

Distribution des résultats

Percentile par nombre de réponses

% des personnes avec chaque résultat

Votre développement - résultats

Vous n’avez pas pris ce quiz depuis la dernière actualisation